00308nam a2200133Ia 45000030006000000080041000060400015000471000016000622450047000782500011001252600009001365460012001450050017001570STCL150530s9999 xx 000 0 und d aSTCLcSTCL aJogel, A.I. aText book of qualitative chemical analysis aSecond c1952 aEnglish20220125170246.0